Macbeth : authoritative text sources and contexts criticism (Record no. 7166)

MARC details
000 -LEADER
fixed length control field 00561 a2200181 4500
001 - CONTROL NUMBER
control field 132821
003 - CONTROL NUMBER IDENTIFIER
control field OSt
005 - DATE AND TIME OF LATEST TRANSACTION
control field 20220225122655.0
008 - FIXED-LENGTH DATA ELEMENTS--GENERAL INFORMATION
fixed length control field
020 ## - INTERNATIONAL STANDARD BOOK NUMBER
International Standard Book Number 9780393977868
082 ## - DEWEY DECIMAL CLASSIFICATION NUMBER
Classification number 822.33
Item number S15M
100 1# - MAIN ENTRY--PERSONAL NAME
Personal name Shakespeare, William
245 1# - TITLE STATEMENT
Title Macbeth : authoritative text sources and contexts criticism
Statement of responsibility, etc by William Shakespeare
260 ## - PUBLICATION, DISTRIBUTION, ETC. (IMPRINT)
Place of publication, distribution, etc New York
Name of publisher, distributor, etc W.W. Norton
Date of publication, distribution, etc 2004
300 ## - PHYSICAL DESCRIPTION
Extent 384p.
690 ## - LOCAL SUBJECT ADDED ENTRY--TOPICAL TERM (OCLC, RLIN)
Topical term or geographic name as entry element Macbeth, King of Scotland, active 11th century;Macbeth (Shakespeare, William); Regicides
942 ## - ADDED ENTRY ELEMENTS (KOHA)
Source of classification or shelving scheme Dewey Decimal Classification
Koha item type Books
Holdings
Withdrawn status Lost status Source of classification or shelving scheme Damaged status Not for loan Collection code Home library Current library Date acquired Source of acquisition Total Checkouts Full call number Barcode Date last seen Date checked out Price effective from Koha item type
    Dewey Decimal Classification     General Text Book Central University Of Rajasthan Central University Of Rajasthan 11/07/2012 ENG 3 822.33 S15M 10448 02/03/2026 27/02/2026 02/09/2020 Books